000 00596nab#a2200217#c#4500
999 _c53573
_d53573
003 IEF
005 20191205104908.0
008 950704s1976 uuu|| #####0 b| |u
040 _aIEF
_cES-MaIEF
100 1 _aPigou, Arthur Cecil
_935557
245 _aFragmentos de "Un estudio sobre Hacienda Pública"
_c Arthur Cecil Pigou
260 _c1976
500 _aBibliografía
650 4 _aIMPUESTOS
_947460
650 4 _aHACIENDA PUBLICA
_950201
650 4 _aESTUDIOS
_943582
773 0 _tHacienda pública española
_w34570
_g39, p. 204-220
942 _2udc
942 _2udc